000 01318nam a2200349 a 4500
001 vtls000195620
003 NLI
005 20210602113027.0
008 101125s1973 enka 101 0 eng
020 _a004332049X :
_cPND 5.45
039 9 _y201011252320
_zVLOAD
040 0 _aNLI
_beng
_cDatasoft 1
_eAACR2
041 0 _aeng
044 _aenk
082 0 4 _a332.43
111 2 _aMadrid Conference on Optimum Currency Areas
_d(1970)
_9374402
245 1 4 _aThe economics of common currencies :
_bproceedings of the Madrid Conference on Optimum Currency Areas /
_cedited by Harry G. Johnson and Alexander K. Swoboda
260 _aLondon :
_bAllen & Unwin,
_c1973
300 _a302 p. :
_bill. ;
_c23 cm.
500 _aIncludes index
650 0 _aMonetary unions
_xCongresses
_9368665
650 0 _aForeign exchange
_xCongresses
_9374403
650 0 _aCurrency question
_xCongresses
_9374404
700 1 _aJohnson, Harry G.
_q(Harry Gordon),
_d1923-1977,
_4edt
_9345341
700 1 _aSwoboda, Alexander K.,
_4edt
_9337863
887 _a
901 _a407506
_b01.08.1973
902 _aE 332.43 C 76 e
942 _2ddc
_cBKS
949 _AVIRTUAITEM
_D10000
_X100
_6PUR000407506ENG
999 _aVIRTUA40
_c200031
_d200031
999 _aVTLSSORT0080*0200*0400*0410*0440*0820*1110*2450*2600*3000*5000*6500*6501*6502*7000*7001*9010*9020*9490*9991